Pohľad Euzébia Cezarejského na cisára Konštantína Veľkého

Bibliographic Details
Format: Article
Language:Slovak
Subjects:
Online Access:www.logos@stonline.sk

MARC

LEADER 00000nab a2200000 a 4500
001 vtls001519203
003 SK-MaSNL
005 20260305020054.0
008 161006c2004 xo mr|p|||||||000 b|slo
015 |a SNBRB2005/03 
038 |a SNKBUCL 
040 |a SNKBUCL  |b slo  |c SNKBUCL  |e AACR2 
041 0 |a slo 
044 |a xo  |c SK 
080 |a 261  |x (37)  |2 1997 
245 0 0 |a Pohľad Euzébia Cezarejského na cisára Konštantína Veľkého 
504 |a Bibliogr. odkazy 
600 0 7 |a Eusebius z Cezarey  |d okolo 264-340  |2 snkbucl  |9 401874 
600 0 7 |a Konštantín  |b I.,  |c rímsky cisár,  |d okolo 280-337  |2 snkbucl  |9 79973 
650 0 7 |a štát a cirkev  |2 snkbucl  |9 4233 
773 0 |t Logos  |g Roč. V., č. 3 (2004), s. 35-37 
852 |a SNK  |b KIS3GCP 
856 4 1 |u www.logos@stonline.sk 
958 |a NB 
999 |c 3278621  |d 3280551